MAAC Logo Quiz - Statistics

General Stats
  • This quiz has been taken 8 times
  • The average score is 8 of 13
Answer Stats
Picture Answer % Correct
Mount St. Mary's
86%
Saint Peter's
86%
Marist
71%
Niagara
71%
Rider
71%
Siena
71%
Fairfield
57%
Iona
57%
Manhattan
57%
Canisius
43%
Merrimack
43%
Quinnipiac
43%
Sacred Heart
43%
No matching quizzes found
Score Distribution
Percent of People with Each Score
Percentile by Number Answered
Your Score History
You have not taken this quiz